La ciudad y el sentido del quehacer ciudadano /

Spremljeno u:
Bibliografski detalji
Glavni autor: Ramírez, José Luis
Format: Nepoznato
Jezik:Spanish
Izdano: ICE Universitat de Lleida : Lleida, España
Serija:Pensamiento 5
Teme:
Oznake: Dodaj oznaku
Bez oznaka, Budi prvi tko označuje ovaj zapis!

MARC

LEADER 00000 a2200000 04500
001 48499
003 cru CIDCACS/IIS
005 20190425091915.0
008 050617s1995 sp spa d
999 |c 13986  |d 13986 
020 |a 84-88645-50-3  
022 |a [sin ISBN]  
040 |c cru CIDCACS/IIS 
090 |a 05.04.01 R173c 
100 |a Ramírez, José Luis  
245 |a La ciudad y el sentido del quehacer ciudadano /   |c José Luis Ramírez  
260 |a ICE Universitat de Lleida :   |b Lleida, España  
300 |a 45 páginas  
440 |a Pensamiento   |v 5  
500 |a Colección Alforja  
650 |a CIUDADES  
650 |2 Macrothesauro de la OCDE  
650 |a PATERNALISMO  
650 |2 Listado unificado de CLACSO  
650 |a ETICA  
650 |2 Macrothesauro de la OCDE  
942 |2 ddc  |c LI